BIBLIOTHÈQUE DE LA MAISON DU MEXIQUE

Logo 1 Logo 2

Ernesto Icaza (notice nᵒ 6697)

détails MARC
000 -Sello discográfico
campo de control de longitud fija 00907nam a2200301 4500
005 - Identificación de versión
campo de control 20260209122246.0
010 ## - Número Estándar Internacional de Libros (ISBN)
Número (ISBN) 970-35-0762-X
099 ## - fechas locales
Tipo de ítem Koha LIBRO
100 ## - Datos de procesamiento general
Datos de procesamiento general 20230731d2005 m y1spay5003 ba
101 ## - Idioma del recurso
Idioma del texto, banda sonora, etc. Español; Castellano
105 ## - Campo de datos codificados: Material textual, monográfico
Datos codificados de monografía a 001zy
200 1# - Título y mención de responsabilidad
Título propio Ernesto Icaza
Designación general del material texto impreso
Otra información del título el charro pintor
Primer mención de responsabilidad Luis Ortiz Macedo
205 ## - Declaración de edición
Declaración de edición 1a ed
210 ## - Publicación, distribución, etc.
Lugar de publicación, distribución, etc. México
Nombre del editor, distribuidor, etc. Consejo Nacional para la Cultura y las Artes
Fecha de publicación, distribución, etc. 2005
215 ## - Descripción física
Designación de material específico y extensión del ítem 32 p
Otras características físicas il.
Dimensiones 17 cm
345 ## - Nota de información de adquisición
Fuente de adquisición/dirección de la suscripción [OBSOLETO] Donación
410 #1 - Series
Título Círculo de arte
600 ## - Nombre personal usado como materia
Elemento de entrada Icaza Sánchez
Parte del nombre distinta del elemento de entrada Trinidad Ernesto Timoteo Francisco
Fechas 1866-1935
Número Koha 6364
606 ## - Término temático usado como materia
Elemento de entrada Caballos en el arte
Número Koha 12668
606 ## - Término temático usado como materia
Elemento de entrada Charros en el arte
Número Koha 6361
606 ## - Término temático usado como materia
Elemento de entrada Tauromaquia en el arte
Número Koha 12669
660 ## - Código de área geográfica
Código MX
700 ## - Nombre personal - Responsabilidad primaria
Elemento de entrada Ortiz Macedo
Parte del nombre distinta del elemento de entrada Luis Antonio
Fechas 1933-2013
Número Koha 1960
801 #0 - Fuente de origen
País FR
Agencia cm
Reglas de catalogación (convenciones descriptivas) AFNOR
942 ## - ELEMENTOS DE ENTRADA SECUNDARIOS (KOHA)
Tipo de ítem Koha Livre
Exemplaires
Estatus retirado Estado de daño Estado de pérdida Fecha de adquisición Biblioteca de origen Biblioteca actual Ubicación en estantería Código de barras Precio de reemplazo Signatura topográfica completa No para préstamo Tipo de ítem Koha Nota pública Nota no pública
      05/08/2025 Casa México Paris Casa México Paris   008341 05/08/2025 704.9 C571 V.88   Livre 20230731LIV 751145101